Länder die mit A und Ä anfangen - Statistiken

Allgemein
  • Dieses Quiz wurde 1.992 mal gespielt
    1.983 seit der letzten Aktualisierung
  • Das Durchschnittsergebnis liegt bei 11 aus 13
Antwortstatistiken
Hint Antwort % Korrekt
Ägypten
90%
Armenien
90%
Andorra
87%
Albanien
85%
Aserbaidschan
85%
Angola
84%
Argentinien
83%
Äthiopien
83%
Australien
83%
Algerien
81%
Afghanistan
77%
Antigua und Barbuda
71%
Äquatorialguinea
71%
Keine übereinstimmenden Quizze gefunden
Verteilung der Resultate
Anzahl Personen mit jedem Resultat
Perzentil nach korrekt beantworteten Fragen
Ihre Resultats-Entwicklung
Sie haben dieses Quiz seit der letzten Aktualisierung nicht gespielt